| 000 | 00507nam a2200181Ia 4500 | ||
|---|---|---|---|
| 999 |
_c37120 _d37120 |
||
| 003 | OSt | ||
| 005 | 20210122160710.0 | ||
| 008 | 190216s9999||||xx |||||||||||||| ||und|| | ||
| 020 | _a9788183557962 | ||
| 040 | _coclc | ||
| 082 |
_a530 _bNAR/G |
||
| 100 |
_aNarayanan, R Satya _98389 |
||
| 245 | 0 |
_aGate 2014: Physics / _cR Satya Narayanan |
|
| 260 |
_bG.K. Publications (p) Ltd, _c2014. _aNoida: |
||
| 300 | _a785p | ||
| 650 | _aPhysics | ||
| 942 |
_cREF _2ddc _h530 _iNAR/G _k530 _mNAR/G |
||